[Event "48th POL-ch"]
[Site "Bielsko Biala POL"]
[Date "1991.03.??"]
[Round "1"]
[White "Kuczynski, Robert"]
[Black "Staniszewski, Piotr"]
[Result "1/2-1/2"]
[WhiteElo "2465"]
[BlackElo "2385"]
[EventDate "1991.03.01"]
[PlyCount "55"]

1.e4 c5 2.Nf3 e6 3.d4 cxd4 4.Nxd4 Nf6 5.Nc3 d6 6.Be2 Be7 7.O-O O-O 8.f4 
Nc6 9.Kh1 Bd7 10.Nb3 Qc7 11.Be3 Rfd8 12.Bf3 Rac8 13.Qe2 Be8 14.a4 Nd7 15.
Rfd1 Nc5 16.Nb5 Qb8 17.Nxd6 Bxd6 18.Nxc5 Bxf4 19.Bxf4 Qxf4 20.Nxb7 Nd4 21.
Qd2 Qxd2 22.Rxd2 Rxc2 23.Rxc2 Nxc2 24.Nxd8 Nxa1 25.Bd1 Kf8 26.e5 Ke7 27.
Nb7 f6 28.exf6+ 1/2-1/2

[Event "48th POL-ch"]
[Site "Bielsko Biala POL"]
[Date "1991.03.??"]
[Round "1"]
[White "Matlak, Marek"]
[Black "Skalik, Przemyslaw"]
[Result "1/2-1/2"]
[WhiteElo "2405"]
[BlackElo "2415"]
[EventDate "1991.03.01"]
[PlyCount "41"]

1.d4 Nf6 2.Nf3 g6 3.c4 Bg7 4.g3 O-O 5.Bg2 d6 6.O-O Nbd7 7.Qc2 e5 8.Rd1 Qe7
9.Nc3 c6 10.b3 Re8 11.e4 exd4 12.Nxd4 Nc5 13.f3 a5 14.Be3 Bd7 15.Bf2 g5 
16.g4 h5 17.h3 Nh7 18.Nce2 hxg4 19.hxg4 Be5 20.Ng3 Nf8 21.Ngf5 1/2-1/2

[Event "48th POL-ch"]
[Site "Bielsko Biala POL"]
[Date "1991.03.??"]
[Round "1"]
[White "Urban, Klaudiusz"]
[Black "Jasnikowski, Zbigniew"]
[Result "1/2-1/2"]
[WhiteElo "2395"]
[BlackElo "2435"]
[EventDate "1991.03.01"]
[PlyCount "66"]

1.d4 Nf6 2.c4 g6 3.Nf3 Bg7 4.g3 O-O 5.Bg2 c6 6.Nc3 d5 7.cxd5 cxd5 8.Ne5 e6
9.O-O Nfd7 10.Nf3 Nc6 11.Bf4 Qb6 12.Na4 Qa6 13.Rc1 b5 14.Nc3 Bb7 15.e4 
dxe4 16.Nxe4 Nb4 17.Ne5 Bxe4 18.Bxe4 Nxe5 19.dxe5 Rad8 20.Qb3 Rd4 21.Qe3 
Rc4 22.b3 Rxc1 23.Rxc1 Qxa2 24.Qc5 a5 25.Qxb5 Qxb3 26.Qxa5 Nd3 27.Bxd3 
Qxd3 28.Qc3 Qf5 29.Qc2 Qh3 30.Qe4 h6 31.Ra1 Kh7 32.Be3 Rd8 33.Qf3 Qf5 
1/2-1/2

[Event "48th POL-ch"]
[Site "Bielsko Biala POL"]
[Date "1991.03.??"]
[Round "2"]
[White "Jasnikowski, Zbigniew"]
[Black "Skalik, Przemyslaw"]
[Result "1/2-1/2"]
[WhiteElo "2435"]
[BlackElo "2415"]
[EventDate "1991.03.01"]
[PlyCount "100"]

1.d4 Nf6 2.c4 g6 3.g3 Bg7 4.Bg2 d5 5.cxd5 Nxd5 6.Nf3 O-O 7.O-O Nb6 8.Nc3 
Nc6 9.e3 Re8 10.Re1 e5 11.d5 Na5 12.e4 c6 13.Bg5 f6 14.Be3 cxd5 15.Bxb6 
Qxb6 16.Nxd5 Qd8 17.Rc1 Nc6 18.b4 a6 19.h4 Be6 20.a3 Kh8 21.Kh2 Rc8 22.h5 
g5 23.Nd2 Nd4 24.Rxc8 Qxc8 25.Qb1 Rf8 26.Nb3 Nxb3 27.Qxb3 Qe8 28.Qd1 g4 
29.Kg1 Qxh5 30.Ne7 Re8 31.Nf5 Bf8 32.Re3 Rc8 33.Rd3 Qg5 34.Rd2 Bb3 35.Qe1 
a5 36.Ne3 axb4 37.Rb2 Rc3 38.axb4 Bxb4 39.Qd2 Qg8 40.Nf5 Qc8 41.Qh6 Qf8 
42.Qh4 Ba3 43.Rd2 Rc1+ 44.Kh2 Rd1 45.Re2 Rd3 46.Re1 b5 47.Bf1 Rf3 48.Kg1 
b4 49.Ne3 Be6 50.Be2 Rxe3 1/2-1/2

[Event "48th POL-ch"]
[Site "Bielsko Biala POL"]
[Date "1991.03.??"]
[Round "2"]
[White "Panczyk, Krzysztof"]
[Black "Schmidt, Wlodzimierz"]
[Result "1/2-1/2"]
[WhiteElo "2415"]
[BlackElo "2460"]
[EventDate "1991.03.01"]
[PlyCount "24"]

1.d4 Nf6 2.c4 g6 3.Nc3 Bg7 4.e4 d6 5.Bd3 O-O 6.Nge2 Nc6 7.O-O e5 8.d5 Nd4 
9.Nxd4 exd4 10.Ne2 Re8 11.f3 c6 12.b3 Qb6 1/2-1/2

[Event "48th POL-ch"]
[Site "Bielsko Biala POL"]
[Date "1991.03.??"]
[Round "2"]
[White "Staniszewski, Piotr"]
[Black "Kempys, Marek"]
[Result "1/2-1/2"]
[WhiteElo "2385"]
[BlackElo "2335"]
[EventDate "1991.03.01"]
[PlyCount "32"]

1.e4 g6 2.d4 Bg7 3.Nf3 d6 4.Be2 Nf6 5.Nc3 O-O 6.O-O c6 7.Re1 Qc7 8.e5 dxe5
9.Nxe5 Be6 10.Bf4 Qc8 11.Bf3 Rd8 12.Qd2 Nbd7 13.Rad1 Nxe5 14.Bxe5 Bd5 15.
Be2 Ne4 16.Qe3 Nxc3 1/2-1/2

[Event "48th POL-ch"]
[Site "Bielsko Biala POL"]
[Date "1991.03.??"]
[Round "2"]
[White "Sznapik, Aleksander"]
[Black "Matlak, Marek"]
[Result "1-0"]
[WhiteElo "2445"]
[BlackElo "2405"]
[EventDate "1991.03.01"]
[PlyCount "67"]

1.e4 e6 2.d4 d5 3.Nc3 Bb4 4.e5 c5 5.a3 Bxc3+ 6.bxc3 Ne7 7.Nf3 Nbc6 8.a4 
Qa5 9.Bd2 Bd7 10.Bb5 c4 11.O-O f5 12.Bc1 Nd8 13.Bxd7+ Kxd7 14.Ba3 Nec6 15.
Qd2 h6 16.Nh4 g5 17.Ng6 Rg8 18.Nf8+ Ke8 19.Nh7 Rg6 20.Nf6+ Kf7 21.Bd6 Ne7 
22.Rfb1 Qa6 23.Bxe7 Kxe7 24.Rb5 b6 25.Qc1 Kf7 26.Qb2 Qc8 27.a5 Rg7 28.axb6
axb6 29.Rxa8 Qxa8 30.Rxb6 Kg6 31.g3 Rb7 32.Qb5 g4 33.Rxb7 Nxb7 34.Qd7 1-0

[Event "48th POL-ch"]
[Site "Bielsko Biala POL"]
[Date "1991.03.??"]
[Round "2"]
[White "Urban, Klaudiusz"]
[Black "Gdanski, Jacek"]
[Result "1/2-1/2"]
[WhiteElo "2395"]
[BlackElo "2420"]
[EventDate "1991.03.01"]
[PlyCount "88"]

1.d4 Nc6 2.Nf3 d6 3.e4 Bg4 4.Be2 Nf6 5.Nc3 e6 6.O-O Be7 7.d5 exd5 8.exd5 
Bxf3 9.Bxf3 Ne5 10.Be2 O-O 11.Be3 Re8 12.h3 Nfd7 13.Qd2 Nc5 14.Rfe1 Bf6 
15.Rad1 Ned7 16.Bb5 a6 17.Bf1 b5 18.b4 Ne4 19.Nxe4 Rxe4 20.Bd3 Rh4 21.f4 
Nb6 22.Bf2 Rh6 23.Bf1 Qd7 24.Re4 Bh4 25.Bxh4 Rxh4 26.Rde1 Rf8 27.g4 Qd8 
28.Re7 Rh6 29.Bg2 Rf6 30.Qe3 Nc4 31.Qd4 h6 32.R7e2 Rg6 33.Be4 f5 34.Bd3 
Qh4 35.Kg2 Ne5 36.fxe5 fxg4 37.Qe3 Rf3 38.Bxg6 Qxh3+ 39.Kg1 Rg3+ 40.Qxg3 
Qxg3+ 41.Kf1 Qh3+ 42.Kg1 Qg3+ 43.Kf1 dxe5 44.Rxe5 Qf3+ 1/2-1/2

[Event "48th POL-ch"]
[Site "Bielsko Biala POL"]
[Date "1991.03.??"]
[Round "3"]
[White "Gdanski, Jacek"]
[Black "Jasnikowski, Zbigniew"]
[Result "1-0"]
[WhiteElo "2420"]
[BlackElo "2435"]
[EventDate "1991.03.01"]
[PlyCount "105"]

1.e4 c5 2.Nf3 e6 3.d4 cxd4 4.Nxd4 Nf6 5.Nc3 d6 6.Bc4 a6 7.Bb3 b5 8.O-O Be7
9.Qf3 Qc7 10.Qg3 Nc6 11.Nxc6 Qxc6 12.Re1 O-O 13.Bh6 Ne8 14.Nd5 Bd8 15.Re3 
Qd7 16.Nf4 Qe7 17.Nh5 f6 18.Rc3 Kh8 19.Bd2 Bb7 20.Nf4 Nc7 21.Re1 Bc8 22.
Qh3 Qe8 23.Ree3 g5 24.Rxc7 Bxc7 25.Nxe6 Qe7 26.Bc3 Bb6 27.Rf3 b4 28.Nxf8 
bxc3 29.Qh6 Bf5 30.Rxf5 Qxf8 31.Qxf8+ Rxf8 32.bxc3 Kg7 33.Rd5 Bc5 34.Kf1 
Re8 35.f3 g4 36.Ke2 gxf3+ 37.Kxf3 a5 38.Kf4 Ra8 39.a4 Re8 40.Rd3 Re5 41.
Rg3+ Kh6 42.Rg8 Rg5 43.Rxg5 fxg5+ 44.Kf5 Bg1 45.h3 Bh2 46.c4 Bg3 47.c5 
dxc5 48.e5 Kg7 49.e6 Bd6 50.Kxg5 Be7+ 51.Kf5 h5 52.g4 hxg4 53.hxg4 1-0

[Event "48th POL-ch"]
[Site "Bielsko Biala POL"]
[Date "1991.03.??"]
[Round "3"]
[White "Jaracz, Pawel"]
[Black "Staniszewski, Piotr"]
[Result "0-1"]
[WhiteElo "2300"]
[BlackElo "2385"]
[EventDate "1991.03.01"]
[PlyCount "86"]

1.e4 g6 2.d4 Bg7 3.Nc3 c6 4.Nf3 d5 5.e5 Nh6 6.Bf4 f6 7.h3 O-O 8.exf6 exf6 
9.Bd3 Re8+ 10.Ne2 Bf5 11.O-O Nd7 12.Ng3 Bxd3 13.Qxd3 Nf7 14.Rfe1 Qb6 15.
Qb3 Nf8 16.Re2 Rxe2 17.Nxe2 Ne6 18.Bg3 Re8 19.Nf4 Neg5 20.Nh2 Nh6 21.h4 
Ne4 22.Re1 Nf5 23.Qa4 Qxd4 24.Qxd4 Nxd4 25.f3 Nxc2 26.Re2 Nd4 27.fxe4 
Nxe2+ 28.Nxe2 Rxe4 29.Kf2 f5 30.b3 d4 31.Nf4 Be5 32.Kf3 Re3+ 33.Kf2 Rc3 
34.Nf3 Rc2+ 35.Kf1 Bf6 36.Bf2 c5 37.Nd3 b6 38.a4 Rc3 39.Ke2 Rxb3 40.Nd2 
Ra3 41.Nb2 Ra2 42.Nbc4 Rxa4 43.Nd6 Ra2 0-1

[Event "48th POL-ch"]
[Site "Bielsko Biala POL"]
[Date "1991.03.??"]
[Round "3"]
[White "Kempys, Marek"]
[Black "Pedzich, Dominik"]
[Result "1/2-1/2"]
[WhiteElo "2335"]
[BlackElo "2400"]
[EventDate "1991.03.01"]
[PlyCount "88"]

1.Nf3 Nf6 2.g3 g6 3.Bg2 Bg7 4.O-O O-O 5.d3 d5 6.Nbd2 c5 7.e4 Nc6 8.Re1 
dxe4 9.dxe4 Qc7 10.c3 Rd8 11.Qc2 b5 12.Nb3 Bg4 13.Be3 Nd7 14.h3 Bxf3 15.
Bxf3 Nde5 16.Be2 c4 17.Nd4 Nd3 18.Bxd3 cxd3 19.Qxd3 Qd7 20.Qe2 Nxd4 21.
Bxd4 Bxd4 22.cxd4 Qxd4 23.Red1 Qe5 24.Kg2 Rac8 25.Rac1 Qe6 26.b3 a6 27.
Rxd8+ Rxd8 28.Qc2 Kg7 29.Qc3+ f6 30.Re1 Rc8 31.Qd3 Rc5 32.Re2 Rc7 33.h4 
Rd7 34.Qf3 Rd4 35.Qe3 Qe5 36.Re1 Qd6 37.e5 Qd5+ 38.Qf3 fxe5 39.Qxd5 Rxd5 
40.Re4 Rd2 41.a3 Rd3 42.Re3 Rxe3 43.fxe3 g5 44.e4 gxh4 1/2-1/2

[Event "48th POL-ch"]
[Site "Bielsko Biala POL"]
[Date "1991.03.??"]
[Round "3"]
[White "Kuczynski, Robert"]
[Black "Panczyk, Krzysztof"]
[Result "1/2-1/2"]
[WhiteElo "2465"]
[BlackElo "2415"]
[EventDate "1991.03.01"]
[PlyCount "109"]

1.e4 e5 2.Nf3 Nc6 3.Bc4 Nf6 4.d3 Be7 5.O-O O-O 6.Re1 d6 7.a4 Be6 8.Nbd2 
Qd7 9.c3 Rfe8 10.a5 Bxc4 11.Nxc4 Bf8 12.Bg5 Qe6 13.Qa4 a6 14.Ne3 Ne7 15.
Bxf6 Qxf6 16.c4 c6 17.b4 Qe6 18.b5 g6 19.bxc6 bxc6 20.Rab1 f5 21.Rb6 Bh6 
22.c5 Bxe3 23.Rxe3 f4 24.Re1 dxc5 25.Qc4 Qxc4 26.dxc4 Red8 27.Nxe5 Rd6 28.
Rb7 Re8 29.g3 g5 30.Kg2 Re6 31.Nd3 Ng6 32.Nxc5 Re5 33.Nd7 R5e6 34.Rc7 R8e7
35.Rc8+ Kg7 36.Nc5 Rd6 37.Nxa6 Ne5 38.Rc7 f3+ 39.Kg1 Rxc7 40.Nxc7 Rd2 41.
Ne6+ Kf6 42.Nc5 Ra2 43.a6 Ra5 44.h3 h5 45.Rd1 Rxc5 46.Ra1 Nxc4 47.Rc1 Ra5 
48.Rxc4 Rxa6 49.Rc5 Ra4 50.Rxc6+ Ke5 51.Rc5+ Kxe4 52.Rxg5 Ra1+ 53.Kh2 Rf1 
54.Rxh5 Rxf2+ 55.Kg1 1/2-1/2

[Event "48th POL-ch"]
[Site "Bielsko Biala POL"]
[Date "1991.03.??"]
[Round "3"]
[White "Matlak, Marek"]
[Black "Grabarczyk, Bogdan"]
[Result "1-0"]
[WhiteElo "2405"]
[BlackElo "2325"]
[EventDate "1991.03.01"]
[PlyCount "91"]

1.d4 Nf6 2.Nf3 g6 3.c4 Bg7 4.g3 O-O 5.Bg2 d6 6.O-O Nfd7 7.e4 e5 8.Nc3 Nc6 
9.Be3 exd4 10.Nxd4 Nde5 11.Nxc6 bxc6 12.Qa4 c5 13.Nd5 Bd7 14.Qc2 Rb8 15.
Rab1 f5 16.b3 fxe4 17.Bxe4 Nf3+ 18.Kh1 Bh3 19.Nf4 Bxf1 20.Bxf3 Rxf4 21.
Bxf4 Bh3 22.Qd2 Qd7 23.Re1 Bd4 24.Bd5+ Kh8 25.Be3 Qg7 26.Bh6 Qf6 27.Bg5 
Qf5 28.Be3 Qf6 29.Bg5 Qf5 30.f4 Rf8 31.Bh6 Bg7 32.Bxg7+ Kxg7 33.Qe3 Kh6 
34.Qe7 Qf6 35.Qxf6 Rxf6 36.Re7 g5 37.Be4 Bf5 38.fxg5+ Kxg5 39.Bxf5 Rxf5 
40.Kg2 Re5 41.Rxe5+ dxe5 42.Kf3 h5 43.h3 Kf5 44.g4+ hxg4+ 45.hxg4+ Kg5 46.
Ke4 1-0

[Event "48th POL-ch"]
[Site "Bielsko Biala POL"]
[Date "1991.03.??"]
[Round "3"]
[White "Schmidt, Wlodzimierz"]
[Black "Urban, Klaudiusz"]
[Result "1/2-1/2"]
[WhiteElo "2460"]
[BlackElo "2395"]
[EventDate "1991.03.01"]
[PlyCount "47"]

1.Nf3 Nf6 2.c4 c6 3.Nc3 d5 4.d4 dxc4 5.a4 Bf5 6.Ne5 e6 7.f3 Bb4 8.e4 Bxe4 
9.fxe4 Nxe4 10.Bd2 Qxd4 11.Nxe4 Qxe4+ 12.Qe2 Bxd2+ 13.Kxd2 Qd5+ 14.Kc2 Na6
15.Nxc4 O-O 16.Qe5 Rac8 17.Be2 f6 18.Qe3 b5 19.Nd2 Rfd8 20.Rhd1 Nb4+ 21.
Kc1 Qxg2 22.Qxe6+ Kh8 23.Qe4 Qf2 24.Qxb4 1/2-1/2

[Event "48th POL-ch"]
[Site "Bielsko Biala POL"]
[Date "1991.03.??"]
[Round "3"]
[White "Skalik, Przemyslaw"]
[Black "Sznapik, Aleksander"]
[Result "0-1"]
[WhiteElo "2415"]
[BlackElo "2445"]
[EventDate "1991.03.01"]
[PlyCount "70"]

1.d4 Nf6 2.c4 c5 3.d5 b5 4.cxb5 a6 5.f3 g6 6.e4 d6 7.Na3 Bg7 8.Ne2 O-O 9.
Nc3 Nbd7 10.Be2 Ne8 11.O-O Nc7 12.Bg5 Rb8 13.Rb1 Nb6 14.Qd2 axb5 15.Naxb5 
Nxb5 16.Bxb5 Bd7 17.a4 Bxb5 18.axb5 Qd7 19.Qe2 Na8 20.Ra1 Rb7 21.Ra6 Nc7 
22.Rc6 Rfb8 23.Ra1 h6 24.Bd2 Nxb5 25.Nxb5 Rxb5 26.Bc3 Bxc3 27.bxc3 Rb1+ 
28.Rxb1 Rxb1+ 29.Kf2 Qb7 30.Kg3 Rb2 31.Qe3 Kg7 32.e5 Qb5 33.c4 Qxc4 34.
exd6 exd6 35.Rc7 Re2 0-1

[Event "48th POL-ch"]
[Site "Bielsko Biala POL"]
[Date "1991.03.??"]
[Round "4"]
[White "Gdanski, Jacek"]
[Black "Schmidt, Wlodzimierz"]
[Result "1/2-1/2"]
[WhiteElo "2420"]
[BlackElo "2460"]
[EventDate "1991.03.01"]
[PlyCount "33"]

1.e4 e6 2.d4 d5 3.Nc3 Nf6 4.Bg5 dxe4 5.Nxe4 Be7 6.Bxf6 gxf6 7.Nf3 b6 8.Bd3
Bb7 9.Qe2 c6 10.O-O Qc7 11.c4 Nd7 12.Rac1 c5 13.Ng3 cxd4 14.Be4 d3 15.Bxd3
Nc5 16.Bc2 a5 17.Rcd1 1/2-1/2

[Event "48th POL-ch"]
[Site "Bielsko Biala POL"]
[Date "1991.03.??"]
[Round "4"]
[White "Grabarczyk, Bogdan"]
[Black "Skalik, Przemyslaw"]
[Result "0-1"]
[WhiteElo "2325"]
[BlackElo "2415"]
[EventDate "1991.03.01"]
[PlyCount "48"]

1.e4 c5 2.Nf3 d6 3.d4 cxd4 4.Nxd4 Nf6 5.Nc3 a6 6.f4 e5 7.Nf3 Nbd7 8.Bd3 b5
9.O-O Be7 10.Qe1 O-O 11.fxe5 Nxe5 12.Nxe5 dxe5 13.Qg3 b4 14.Nd5 Nxd5 15.
exd5 Qxd5 16.Bh6 Qd4+ 17.Kh1 Qg4 18.Qxe5 Bb7 19.Rf2 Bh4 20.Bf5 Rae8 21.
Qxe8 Rxe8 22.Bxg4 Bxf2 23.Bd2 g6 24.Bxb4 Re4 0-1

[Event "48th POL-ch"]
[Site "Bielsko Biala POL"]
[Date "1991.03.??"]
[Round "4"]
[White "Jasnikowski, Zbigniew"]
[Black "Sznapik, Aleksander"]
[Result "0-1"]
[WhiteElo "2435"]
[BlackElo "2445"]
[EventDate "1991.03.01"]
[PlyCount "86"]

1.d4 Nf6 2.c4 g6 3.Nf3 Bg7 4.g3 O-O 5.Bg2 d6 6.Nc3 Nc6 7.O-O a6 8.e4 Bg4 
9.Be3 Nd7 10.Qd2 e5 11.d5 Bxf3 12.dxc6 Bxg2 13.cxb7 Rb8 14.Kxg2 Rxb7 15.b3
Qb8 16.Rac1 f5 17.c5 Nf6 18.Bg5 Rb4 19.cxd6 cxd6 20.f3 Rd4 21.Qe2 Qb7 22.
Bxf6 Bxf6 23.Nd5 Bd8 24.Rc4 Bb6 25.Rxd4 Bxd4 26.Rc1 Qb5 27.Rc4 fxe4 28.
Qxe4 Qa5 29.Rc2 Rf7 30.a4 Kg7 31.h4 Qd8 32.b4 Qd7 33.b5 axb5 34.Rc7 Qd8 
35.Nf4 Qf6 36.Rxf7+ Qxf7 37.axb5 Bc5 38.Nd5 Qb7 39.Qc4 Qa7 40.Qc2 Qa1 41.
Nc3 Qg1+ 42.Kh3 Qh1+ 43.Kg4 h5+ 0-1

[Event "48th POL-ch"]
[Site "Bielsko Biala POL"]
[Date "1991.03.??"]
[Round "4"]
[White "Pedzich, Dominik"]
[Black "Jaracz, Pawel"]
[Result "1/2-1/2"]
[WhiteElo "2400"]
[BlackElo "2300"]
[EventDate "1991.03.01"]
[PlyCount "31"]

1.e4 c5 2.Nf3 e6 3.d4 cxd4 4.Nxd4 a6 5.Bd3 Nf6 6.O-O Qc7 7.Nc3 Nc6 8.Be3 
Ne5 9.h3 Bc5 10.a4 b6 11.Be2 Bb4 12.f4 Nc4 13.Bxc4 Qxc4 14.Qd3 d5 15.e5 
Nd7 16.Nce2 1/2-1/2

[Event "48th POL-ch"]
[Site "Bielsko Biala POL"]
[Date "1991.03.??"]
[Round "5"]
[White "Kempys, Marek"]
[Black "Urban, Klaudiusz"]
[Result "0-1"]
[WhiteElo "2335"]
[BlackElo "2395"]
[EventDate "1991.03.01"]
[PlyCount "136"]

1.Nf3 g6 2.e4 Bg7 3.d4 d6 4.Nc3 Nf6 5.h3 O-O 6.Be3 c6 7.a4 Qa5 8.Nd2 Qc7 
9.a5 Nbd7 10.Be2 Rb8 11.O-O b5 12.axb6 axb6 13.f4 b5 14.e5 Nd5 15.Nxd5 
cxd5 16.Nf3 f6 17.g4 e6 18.Qd2 dxe5 19.fxe5 fxe5 20.Nxe5 Rxf1+ 21.Rxf1 
Nxe5 22.Bf4 Qb6 23.Kg2 Nc6 24.Bxb8 Qxb8 25.c3 Bd7 26.Qd3 b4 27.Rf2 Nd8 28.
Qf3 Bc6 29.Bd3 Qd6 30.Kf1 Bf8 31.h4 Be7 32.h5 Bh4 33.Re2 bxc3 34.hxg6 hxg6
35.bxc3 Qf8 36.Kg2 Qxf3+ 37.Kxf3 Kg7 38.Kf4 Be7 39.Ra2 Bd6+ 40.Ke3 Kf6 41.
c4 dxc4 42.Bxc4 Kg5 43.Ra6 Bf4+ 44.Kf2 Bb7 45.Rb6 Kxg4 46.Bxe6+ Nxe6 47.
Rxb7 Nxd4 48.Rg7 g5 49.Rxg5+ Bxg5 50.Kg2 Be3 51.Kh1 Kf3 52.Kh2 Ne2 53.Kh1 
Ng3+ 54.Kh2 Bd4 55.Kh3 Bg1 56.Kh4 Ne4 57.Kh3 Ng5+ 58.Kh4 Kf4 59.Kh5 Kf5 
60.Kh4 Bf2+ 61.Kh5 Ne6 62.Kh6 Bg3 63.Kh5 Ng7+ 64.Kh6 Kf6 65.Kh7 Bf4 66.Kg8
Ne6 67.Kh8 Kf7 68.Kh7 Nf8+ 0-1

[Event "48th POL-ch"]
[Site "Bielsko Biala POL"]
[Date "1991.03.??"]
[Round "5"]
[White "Kuczynski, Robert"]
[Black "Gdanski, Jacek"]
[Result "1/2-1/2"]
[WhiteElo "2465"]
[BlackElo "2420"]
[EventDate "1991.03.01"]
[PlyCount "33"]

1.e4 e6 2.d4 d5 3.Nc3 Nf6 4.e5 Nfd7 5.f4 c5 6.Nf3 Nc6 7.Be3 Qb6 8.Na4 Qa5+
9.c3 c4 10.b4 Qc7 11.Be2 b5 12.Nb2 a5 13.a3 Be7 14.O-O O-O 15.Qc2 f5 16.h3
Nb6 17.g4 1/2-1/2

[Event "48th POL-ch"]
[Site "Bielsko Biala POL"]
[Date "1991.03.??"]
[Round "5"]
[White "Matlak, Marek"]
[Black "Pedzich, Dominik"]
[Result "1-0"]
[WhiteElo "2405"]
[BlackElo "2400"]
[EventDate "1991.03.01"]
[PlyCount "84"]

1.d4 Nf6 2.Nf3 g6 3.c4 Bg7 4.g3 d5 5.cxd5 Nxd5 6.Bg2 O-O 7.O-O Nb6 8.Nc3 
Nc6 9.e3 e5 10.d5 Ne7 11.e4 Bg4 12.h3 Bxf3 13.Qxf3 c6 14.Rd1 cxd5 15.Nxd5 
Nc6 16.Bd2 Re8 17.Bc3 Rc8 18.Nxb6 Qxb6 19.Rd7 Re7 20.Rxe7 Nxe7 21.Rd1 Rd8 
22.Bf1 Rxd1 23.Qxd1 Qc7 24.Qa4 Nc6 25.Bc4 Bf8 26.Bd5 Kg7 27.Qc4 f6 28.Kg2 
Bd6 29.b4 Nd8 30.Qxc7+ Bxc7 31.Kf3 Kf8 32.Ke2 Ke7 33.a4 Nc6 34.Kd3 Bb6 35.
f4 Kd6 36.b5 Nd8 37.fxe5+ fxe5 38.Kc4 Bf2 39.Bb4+ Kd7 40.g4 Ne6 41.Bxe6+ 
Kxe6 42.Bc5 Bxc5 1-0

[Event "48th POL-ch"]
[Site "Bielsko Biala POL"]
[Date "1991.03.??"]
[Round "5"]
[White "Schmidt, Wlodzimierz"]
[Black "Jasnikowski, Zbigniew"]
[Result "1/2-1/2"]
[WhiteElo "2460"]
[BlackElo "2435"]
[EventDate "1991.03.01"]
[PlyCount "42"]

1.Nf3 Nf6 2.c4 g6 3.Nc3 d5 4.d4 Bg7 5.Bg5 Ne4 6.Bh4 Nxc3 7.bxc3 dxc4 8.
Qa4+ Qd7 9.Qxc4 b6 10.e3 Ba6 11.Qb3 Bxf1 12.Kxf1 c5 13.d5 O-O 14.Rd1 b5 
15.Ke2 c4 16.Qa3 Re8 17.Rhe1 a5 18.e4 e6 19.Kf1 Na6 20.dxe6 Qxe6 21.e5 Qb6
1/2-1/2

[Event "48th POL-ch"]
[Site "Bielsko Biala POL"]
[Date "1991.03.??"]
[Round "5"]
[White "Skalik, Przemyslaw"]
[Black "Staniszewski, Piotr"]
[Result "1/2-1/2"]
[WhiteElo "2415"]
[BlackElo "2385"]
[EventDate "1991.03.01"]
[PlyCount "69"]

1.d4 Nf6 2.c4 c6 3.Nc3 d5 4.Nf3 g6 5.cxd5 cxd5 6.g3 Bg7 7.Bg2 O-O 8.Ne5 e6
9.Bg5 Qb6 10.Qd2 Nfd7 11.Be3 Rd8 12.f4 Nc6 13.O-O Qa6 14.b3 Nb6 15.Bf2 Qa3
16.Rac1 Bd7 17.e4 dxe4 18.Nxe4 Qe7 19.Nc5 Nxe5 20.fxe5 Bb5 21.Rfe1 Nd5 22.
Be3 Nxe3 23.Qxe3 Rab8 24.a4 Bc6 25.Bxc6 bxc6 26.Rc4 Rb6 27.b4 Rdb8 28.Qc3 
Qd8 29.Rf1 Qd5 30.a5 Rb5 31.Nd3 Bf8 32.Nf4 Qd7 33.Nd3 Qd5 34.Nf4 Qd7 35.
Nd3 1/2-1/2

[Event "48th POL-ch"]
[Site "Bielsko Biala POL"]
[Date "1991.03.??"]
[Round "5"]
[White "Sznapik, Aleksander"]
[Black "Grabarczyk, Bogdan"]
[Result "1-0"]
[WhiteElo "2445"]
[BlackElo "2325"]
[EventDate "1991.03.01"]
[PlyCount "47"]

1.e4 c5 2.Nf3 d6 3.d4 cxd4 4.Nxd4 Nf6 5.Nc3 g6 6.Be3 Bg7 7.f3 O-O 8.Qd2 
Nc6 9.Bc4 Qa5 10.Bb3 Bd7 11.O-O-O Rfc8 12.h4 Ne5 13.Kb1 Nc4 14.Bxc4 Rxc4 
15.Nb3 Qc7 16.h5 Rc8 17.hxg6 fxg6 18.Bd4 Bc6 19.Bxf6 Bxf6 20.Nd5 Bxd5 21.
Qxd5+ Kh8 22.Qf7 h5 23.Qxg6 h4 24.Rxh4+ 1-0

[Event "48th POL-ch"]
[Site "Bielsko Biala POL"]
[Date "1991.03.??"]
[Round "6"]
[White "Gdanski, Jacek"]
[Black "Kempys, Marek"]
[Result "1/2-1/2"]
[WhiteElo "2420"]
[BlackElo "2335"]
[EventDate "1991.03.01"]
[PlyCount "135"]

1.e4 d6 2.d4 Nf6 3.Nc3 g6 4.Be3 c6 5.Qd2 b5 6.f3 Nbd7 7.g4 Nb6 8.g5 Nh5 9.
Bd3 Nc4 10.Bxc4 bxc4 11.Nge2 Qd7 12.Ng3 Qh3 13.O-O-O h6 14.gxh6 Nf6 15.e5 
Nd5 16.Nxd5 cxd5 17.Kb1 Bxh6 18.exd6 Bxe3 19.Qxe3 Qe6 20.Qe5 f6 21.Qxe6 
Bxe6 22.Rde1 Kd7 23.dxe7 Rae8 24.Re2 Rh4 25.Rhe1 Rxe7 26.c3 Rf4 27.Re3 
Rxf3 28.Rxf3 Bf5+ 29.Nxf5 Rxe1+ 30.Kc2 gxf5 31.Rxf5 Re2+ 32.Kd1 Rxb2 33.
Rxd5+ Ke6 34.Ra5 Rxh2 35.a4 f5 36.Rxa7 Rh1+ 37.Ke2 Rh2+ 38.Ke1 Rh1+ 39.Kf2
Rh2+ 40.Ke3 Rc2 41.Ra6+ Kd5 42.Ra5+ Ke6 43.d5+ Ke5 44.d6+ Kxd6 45.Kd4 f4 
46.Kxc4 f3 47.Rf5 f2 48.Kb3 Re2 49.a5 Kc6 50.Kb4 Rb2+ 51.Kc4 Ra2 52.Rf6+ 
Kb7 53.Kb4 Rb2+ 54.Ka3 Rb5 55.Ka4 Rb2 56.c4 Kc7 57.Ka3 Re2 58.Kb4 Kb7 59.
Kb5 Rb2+ 60.Kc5 Ra2 61.Rf7+ Ka6 62.Rf8 Rb2 63.Kd6 Kxa5 64.c5 Kb5 65.c6 
Rd2+ 66.Kc7 Rc2 67.Rf5+ Rc5 68.Rxf2 1/2-1/2

[Event "48th POL-ch"]
[Site "Bielsko Biala POL"]
[Date "1991.03.??"]
[Round "6"]
[White "Jasnikowski, Zbigniew"]
[Black "Grabarczyk, Bogdan"]
[Result "1-0"]
[WhiteElo "2435"]
[BlackElo "2325"]
[EventDate "1991.03.01"]
[PlyCount "69"]

1.d4 Nf6 2.c4 g6 3.Nf3 Bg7 4.g3 O-O 5.Bg2 d6 6.Nc3 Nbd7 7.O-O e5 8.e4 exd4
9.Nxd4 Re8 10.h3 Nc5 11.Re1 h6 12.Kh2 Bd7 13.Rb1 a5 14.b3 a4 15.b4 Ne6 16.
Be3 Nxd4 17.Bxd4 c6 18.c5 dxc5 19.bxc5 Be6 20.e5 Nd5 21.Ne4 Bf5 22.Rxb7 
Bxe4 23.Rxe4 Qc8 24.Rb1 Qf5 25.f4 Red8 26.Qf3 Ne7 27.Rb7 Bf8 28.e6 fxe6 
29.h4 Qd5 30.Bh3 Nf5 31.Qg4 g5 32.Qh5 Rd7 33.Bxf5 exf5 34.Qg6+ Bg7 35.Re8+
1-0

[Event "48th POL-ch"]
[Site "Bielsko Biala POL"]
[Date "1991.03.??"]
[Round "6"]
[White "Schmidt, Wlodzimierz"]
[Black "Kuczynski, Robert"]
[Result "1/2-1/2"]
[WhiteElo "2460"]
[BlackElo "2465"]
[EventDate "1991.03.01"]
[PlyCount "39"]

1.Nf3 d5 2.d4 Nf6 3.c4 c6 4.Nc3 e6 5.Bg5 h6 6.Bxf6 Qxf6 7.e3 Nd7 8.Bd3 
dxc4 9.Bxc4 Bd6 10.O-O Qe7 11.Ne4 Bc7 12.Rc1 O-O 13.Bb3 Rd8 14.Qc2 Nf8 15.
Rfd1 Bd7 16.Nc5 Rab8 17.a3 Be8 18.Qe4 Bd6 19.Ne5 Kh8 20.Ned3 1/2-1/2

[Event "48th POL-ch"]
[Site "Bielsko Biala POL"]
[Date "1991.03.??"]
[Round "6"]
[White "Urban, Klaudiusz"]
[Black "Jaracz, Pawel"]
[Result "1-0"]
[WhiteElo "2395"]
[BlackElo "2300"]
[EventDate "1991.03.01"]
[PlyCount "44"]

1.d4 Nf6 2.Nf3 g6 3.Bg5 Bg7 4.Nbd2 O-O 5.e4 d6 6.c3 h6 7.Bh4 c5 8.dxc5 
dxc5 9.Bc4 Nc6 10.O-O Na5 11.Be2 Be6 12.Qc2 Nh5 13.Rfd1 Qc7 14.Nf1 Rad8 
15.Rxd8 Rxd8 16.Ne3 a6 17.Nd2 Nf4 18.Bf1 Rd7 19.Bg3 Be5 20.Nf3 Bg7 21.Rd1 
Rxd1 22.Qxd1 b5 1-0

[Event "48th POL-ch"]
[Site "Bielsko Biala POL"]
[Date "1991.03.??"]
[Round "7"]
[White "Grabarczyk, Bogdan"]
[Black "Staniszewski, Piotr"]
[Result "0-1"]
[WhiteElo "2325"]
[BlackElo "2385"]
[EventDate "1991.03.01"]
[PlyCount "50"]

1.e4 c5 2.Nf3 d6 3.d4 cxd4 4.Nxd4 Nf6 5.Nc3 a6 6.f4 e5 7.Nf3 Nbd7 8.Bd3 
Be7 9.O-O O-O 10.Kh1 b5 11.Qe1 Bb7 12.b4 a5 13.bxa5 b4 14.Nd1 Nc5 15.Nf2 
d5 16.Nxe5 Nfxe4 17.Nxe4 Nxd3 18.Nxd3 dxe4 19.Nxb4 Qxa5 20.Rb1 Rfc8 21.a3 
Qb5 22.Rb3 Rxc2 23.Rg3 Bxb4 24.axb4 Ra1 25.Qd1 Qxf1+ 0-1

[Event "48th POL-ch"]
[Site "Bielsko Biala POL"]
[Date "1991.03.??"]
[Round "7"]
[White "Jaracz, Pawel"]
[Black "Gdanski, Jacek"]
[Result "0-1"]
[WhiteElo "2300"]
[BlackElo "2420"]
[EventDate "1991.03.01"]
[PlyCount "88"]

1.e4 e6 2.d4 d5 3.Nc3 Bb4 4.e5 Ne7 5.a3 Bxc3+ 6.bxc3 c5 7.h4 Qc7 8.h5 h6 
9.Nf3 Bd7 10.Bd3 Ba4 11.O-O Nd7 12.Re1 Rc8 13.Ra2 a6 14.Bd2 Bb5 15.Bxb5 
axb5 16.Qb1 O-O 17.Qxb5 b6 18.Qd3 Ra8 19.Nh4 Ra4 20.Re3 Kh8 21.g4 Nc6 22.
Nf3 cxd4 23.cxd4 f6 24.exf6 Nxf6 25.Rxe6 Nxg4 26.c3 Ne7 27.Ne5 Nxe5 28.
Rxe5 Raa8 29.Bc1 Rf7 30.Rae2 Raf8 31.a4 Nc6 32.Re6 Rf3 33.Qg6 Nxd4 34.cxd4
Qxc1+ 35.Kg2 Rh3 36.Re1 Qc3 37.R1e3 Rxe3 38.Rxe3 Qxd4 39.Qg3 Qxa4 40.Re7 
Qd4 41.f4 Qf6 42.Rb7 d4 43.Qg6 d3 44.Qxd3 Qxf4 0-1

[Event "48th POL-ch"]
[Site "Bielsko Biala POL"]
[Date "1991.03.??"]
[Round "7"]
[White "Kempys, Marek"]
[Black "Schmidt, Wlodzimierz"]
[Result "1/2-1/2"]
[WhiteElo "2335"]
[BlackElo "2460"]
[EventDate "1991.03.01"]
[PlyCount "52"]

1.Nf3 Nf6 2.g3 g6 3.Bg2 Bg7 4.O-O O-O 5.d3 d5 6.Nbd2 Nc6 7.e4 dxe4 8.dxe4 
e5 9.c3 a5 10.a4 b6 11.Re1 Ba6 12.Bf1 Bxf1 13.Kxf1 Qd3+ 14.Kg2 Rad8 15.Qb3
Nd7 16.Qd5 Qxd5 17.exd5 Ne7 18.Nc4 Nxd5 19.Ncxe5 Nxe5 20.Nxe5 Rfe8 21.Nf3 
Rxe1 22.Nxe1 Nxc3 23.bxc3 Bxc3 24.Bg5 Re8 25.Rc1 Bxe1 26.Rxc7 Bb4 1/2-1/2